[Event "45th Olympiad Budapest 2024"]
[Site "Budapest"]
[Date "2024.09.19"]
[Round "8"]
[Board "3"]
[White "Mehmeti, Dritan"]
[Black "Hillarp Persson, Tiger"]
[Result "0-1"]
[WhiteElo "2364"]
[BlackElo "2457"]
[PlyCount "62"]
[EventDate "2024.09.11"]
[EventType "team-tourn"]
[EventRounds "11"]
[EventCountry "HUN"]
[WhiteTeam "Albania"]
[BlackTeam "Sweden"]
[WhiteTeamCountry "ALB"]
[BlackTeamCountry "SWE"]

1. d4 d5 2. Nf3 Nf6 3. e3 g6 4. c4 Bg7 5. Nc3 O-O 6. cxd5 Nxd5 7. Bc4 Nxc3 8. bxc3 c5 9. O-O Qc7 10. Qe2 Nc6 11. Rd1 b6 12. Bb2 ({RR} 12. e4 Bg4 13. Be3 Rad8 14. Rac1 e6 15. Bg5 cxd4 16. Bxd8 Rxd8 17. cxd4 Nxd4 18. Qe3 Bxf3 19. gxf3 Qe7 20. Ba6 Qh4 21. f4 e5 22. Qg3 Qxf4 23. Qxf4 exf4 24. Kf1 Be5 25. Rc8 Rxc8 26. Bxc8 Kf8 {1-0 Mamedyarov,S (2759)-Vachier Lagrave,M (2760) Zagreb SuperUnited Blitz 2022 (3)}) 12... Na5 $146 ({RR} 12... Bg4 13. Rac1 Rad8 14. h3 Bc8 15. e4 Na5 16. Bd3 e5 17. Bb1 f6 18. Ba3 Be6 19. d5 Bd7 20. Bd3 Nb7 21. Nd2 Bh6 22. Rc2 Ba4 23. Nb3 Nd6 24. c4 f5 25. exf5 e4 26. fxg6 exd3 27. Qe6+ {0-1 Tonon,A (2186)-Drazic,S (2480) Trieste op 09th 2007 (3)}) ({RR} 12... Bb7 13. e4 e6 14. Bb5 Rfd8 15. Qe3 a6 16. Be2 cxd4 17. cxd4 b5 18. h4 h6 19. Rac1 Qb6 20. Rc2 Rd7 21. h5 g5 22. Rcd2 Rad8 23. Bf1 Ne7 24. Bd3 Nc6 25. Bc2 Na5 26. Bd3 Nc6 27. e5 {0-1 Vishnu,P (2413)-Aquino,J (2166) 1st Bangalore Int Open 2024 (10.31)}) ({RR} 12... Bb7 13. Rac1 Rad8 14. e4 e5 15. Bd5 Rfe8 16. dxc5 bxc5 17. Qb5 Na5 18. Ba3 Bf8 19. c4 Bc6 20. Qb2 Ba4 21. Rd3 Rd7 22. h4 Nc6 23. h5 Bh6 24. Bxc5 Rb8 25. Qa1 Bxc1 26. Qxc1 Nd4 27. Nxd4 {1-0 Qi,J-Hoelzl,F (2410) Olympiad-23 Buenos Aires 1978 (6)}) ({RR} 12... Bb7 13. e4 cxd4 14. cxd4 Qf4 15. Bc1 Qg4 16. h3 Qd7 17. Bb2 Na5 18. Bb5 Bc6 19. Bxc6 Qxc6 20. d5 Qc4 21. Qxc4 Nxc4 22. Bxg7 Kxg7 23. Nd4 Na5 24. Rac1 Rfc8 25. f4 Rc5 26. Rxc5 bxc5 27. Nb5 {½-½ Sundararajan,K (2436)-Krysa,L (2543) Dubai op 20th 2018 (4)}) 13. Bd3 Bb7 14. Rac1 Rac8 15. Ba6 Bxa6 16. Qxa6 Rfd8 17. Qe2 Qc6 18. e4 Qa4 19. Ba1 Bh6 20. d5 Bxc1 21. Rxc1 Nc4 22. Rd1 e6 23. h4 exd5 24. exd5 Re8 25. Qd3 Rcd8 26. h5 Qxa2 27. Kf1 Qa4 28. hxg6 hxg6 29. g3 b5 30. Kg2 Qa2 31. Nd2 Rxd5 0-1

[Event "45th Olympiad Budapest 2024"]
[Site "Budapest"]
[Date "2024.09.19"]
[Round "8"]
[Board "4"]
[White "Lokander, Martin"]
[Black "Veleshnja, Zino"]
[Result "1/2-1/2"]
[WhiteElo "2469"]
[BlackElo "2294"]
[PlyCount "116"]
[EventDate "2024.09.11"]
[EventType "team-tourn"]
[EventRounds "11"]
[EventCountry "HUN"]
[WhiteTeam "Sweden"]
[BlackTeam "Albania"]
[WhiteTeamCountry "SWE"]
[BlackTeamCountry "ALB"]

1. d4 Nf6 2. Nf3 e6 3. Bg5 h6 4. Bh4 Be7 5. Nbd2 O-O 6. e4 d6 7. Bxf6 $146 ({RR} 7. Bd3 c5 8. c3 Nbd7 9. O-O b6 10. e5 dxe5 11. dxe5 Nd5 12. Bg3 Bb7 13. Qe2 a6 14. Rad1 Qc7 15. Rfe1 Rfd8 16. a3 b5 17. Qe4 Nf8 18. Qe2 c4 19. Bc2 Bc5 20. Ne4 Ba7 21. Nh4 Qe7 {1-0 Daniel,A-McCarter,R Detroit 1991}) ({RR} 7. c3 Nbd7 8. Bd3 Nh5 9. Bg3 e5 10. dxe5 dxe5 11. O-O Nxg3 12. hxg3 c6 13. a4 Qc7 14. Bc4 a5 15. Qe2 g6 16. Ba2 Nb6 17. Nc4 Nxc4 18. Bxc4 Bd7 19. Rfd1 Rad8 20. Rd2 Kg7 21. Rad1 Bg4 {½-½ Fressinet,L (2637)-Yu Yangyi (2720) Chessable Masters Play-In 2024 (7)}) ({RR} 7. c3 Nbd7 8. Bd3 c5 9. O-O Qc7 10. Qe2 e5 11. Rac1 Re8 12. dxe5 Nxe5 13. Nxe5 dxe5 14. Bxf6 Bxf6 15. Nc4 b5 16. Ne3 c4 17. Bc2 Qa5 18. a3 Bg5 19. Rcd1 Be6 20. Rd2 Rad8 21. Rfd1 Rxd2 {0-1 Meneses,L-Abreu Santos,E (2131) Piauiense-ch 2010 (5)}) ({RR} 7. Bd3 Ng4 8. Bg3 f5 9. exf5 exf5 10. Bf4 g5 11. h3 Nf6 12. Bh2 Nc6 13. c3 Kg7 14. Qc2 Nd5 15. O-O-O a5 16. Kb1 Be6 17. a3 Ncb4 18. axb4 axb4 19. c4 b3 20. Qxb3 Nb6 21. d5 Bd7 {1-0 Xu,Y (2347)-Batista,M Internet Section 09B g/8'+2" blitz 2004 (2)}) 7... Bxf6 8. e5 dxe5 9. dxe5 Bg5 10. Bd3 Nd7 11. h4 Bxd2+ 12. Qxd2 Nc5 13. O-O-O Nxd3+ 14. Qxd3 Qxd3 15. Rxd3 b6 16. Rc3 c5 17. Nd2 Bb7 18. f3 Rfd8 19. Nc4 Rd4 20. Nd6 Bc6 21. Rd3 Rxd3 22. cxd3 Rd8 23. Re1 f6 24. Kc2 fxe5 25. Nc4 Rd4 26. Nxe5 Bd5 27. g3 Bxa2 28. b3 Rb4 29. Nc6 Rxb3 30. Nxa7 c4 31. dxc4 Rxf3 32. Rxe6 Bxc4 33. Rxb6 Rxg3 34. Nc6 Re3 35. Rb4 Bd5 36. Kd2 Re8 37. Nd4 Re4 38. Nc2 Kf7 39. Rxe4 Bxe4 40. Nd4 Kf6 41. Ke3 Ke5 42. Ne2 g6 43. Nf4 h5 44. Ne2 Bb7 45. Nf4 Kf5 46. Nd3 Kg4 47. Ne5+ Kxh4 48. Nxg6+ Kg5 49. Ne5 Kf5 50. Nd3 Kg4 51. Kf2 Be4 52. Nc5 Bc6 53. Kg1 Kg3 54. Nd3 h4 55. Nf2 Bg2 56. Nh1+ Kf3 57. Nf2 h3 58. Kh2 Kxf2 1/2-1/2

[Event "45th Olympiad Budapest 2024"]
[Site "Budapest"]
[Date "2024.09.19"]
[Round "8"]
[Board "1"]
[White "Makhnev, Denis"]
[Black "Mohammad Fahad, Rahman"]
[Result "1/2-1/2"]
[WhiteElo "2551"]
[BlackElo "2419"]
[PlyCount "60"]
[EventDate "2024.09.11"]
[EventType "team-tourn"]
[EventRounds "11"]
[EventCountry "HUN"]
[WhiteTeam "Kazakhstan"]
[BlackTeam "Bangladesh"]
[WhiteTeamCountry "KAZ"]
[BlackTeamCountry "BAN"]

1. d4 d5 2. Nf3 Nf6 3. c4 e6 4. Nc3 dxc4 5. e4 Bb4 6. Bxc4 Nxe4 7. O-O Nf6 8. Qa4+ Nc6 9. Ne5 a5 10. Nxc6 bxc6 11. Qxc6+ Bd7 12. Qf3 O-O 13. Bg5 Be7 14. Rfd1 $146 ({RR} 14. Rad1 Rb8 15. Rd2 Rb6 16. Qe2 Re8 17. Re1 Bc6 18. Bxf6 Bxf6 19. Qh5 Qa8 20. Bb5 Bxb5 21. Nxb5 Rd8 22. a4 Qb7 23. d5 g6 24. Qf3 exd5 25. Qf4 Kg7 26. Nxc7 Rxb2 27. Rdd1 Rb4 28. Qg3 Qc6 {0-1 Krzywda,A (2249)-To,N (2321) FSIM November 2022 (7.5)}) ({RR} 14. Rad1 a4 15. Rfe1 Re8 16. d5 Nxd5 17. Bxd5 exd5 18. Rxe7 Rxe7 19. Nxd5 Bc6 20. Nxe7+ Qxe7 21. Qxc6 Rd8 22. Rxd8+ {1-0 Muckle,J (2389)-Motola,J (2238) Spilimbergo op 20th 2022 (2)}) 14... Rb8 15. b3 Rb6 16. Be3 Bb4 17. Rac1 Bxc3 18. Rxc3 Bc6 19. Qh3 Nd5 20. Rcc1 a4 21. Bd2 axb3 22. axb3 Qf6 23. Qg4 Ra8 24. Ra1 Rbb8 25. h3 h6 26. Rdc1 Rxa1 27. Rxa1 Bb5 28. Bxd5 exd5 29. Qg3 Re8 30. Qxc7 Qxd4 1/2-1/2

[Event "45th Olympiad Budapest 2024"]
[Site "Budapest"]
[Date "2024.09.19"]
[Round "8"]
[Board "2"]
[White "Manon, Reja Neer"]
[Black "Nogerbek, Kazybek"]
[Result "0-1"]
[WhiteElo "2417"]
[BlackElo "2519"]
[PlyCount "148"]
[EventDate "2024.09.11"]
[EventType "team-tourn"]
[EventRounds "11"]
[EventCountry "HUN"]
[WhiteTeam "Bangladesh"]
[BlackTeam "Kazakhstan"]
[WhiteTeamCountry "BAN"]
[BlackTeamCountry "KAZ"]

1. e4 e5 2. Nf3 Nc6 3. Bb5 a6 4. Ba4 Nf6 5. O-O Be7 6. Re1 b5 7. Bb3 O-O 8. c3 d5 9. exd5 Nxd5 10. Nxe5 Nxe5 11. Rxe5 Bb7 12. Qf3 Bd6 13. Bxd5 c6 14. Re2 cxd5 15. d4 Qc7 ({RR} 15... Re8 16. Nd2 a5 17. Rxe8+ Qxe8 18. Nf1 Qe1 19. b3 Re8 20. Bb2 Qe2 21. Qxe2 Rxe2 22. Rb1 b4 23. cxb4 axb4 24. Ng3 Bxg3 25. hxg3 Bc8 26. Kf1 Ba6 27. Kg1 h5 28. Bc1 Bd3 29. Ra1 Re1+ 30. Kh2 {0-1 Vachier Lagrave,M (2736)-Carlsen,M (2859) chess.com SpeedChess 2022 (3.14)}) 16. h3 ({RR} 16. g3 Rae8 17. Rxe8 Rxe8 18. Be3 b4 19. cxb4 Qc2 20. Nd2 Qxb2 21. Qd1 Bxb4 22. Rb1 Qa3 23. Qb3 Qxb3 24. Rxb3 Bxd2 25. Rxb7 Bxe3 26. fxe3 g6 27. Rb3 Rc8 28. Ra3 Rc2 29. Rxa6 Re2 30. Ra8+ Kg7 {½-½ Fawzy,A (2495)-Salem,A (2677) 23rd Dubai Open 2023 (3.9)}) 16... a5 $146 ({RR} 16... Rae8 17. Nd2 b4 18. Nb3 Rxe2 19. Qxe2 bxc3 20. bxc3 Qxc3 21. Be3 Re8 22. Rc1 Qb4 23. Qg4 Qb5 24. Nc5 Bc8 25. Qh5 Qb2 26. Nb3 Be6 27. Rc6 Bb8 28. Nc1 Qb7 29. Rc2 Qb6 30. Nb3 g6 31. Qh4 {0-1 Szelag,M (2385)-Stern,R (2465) Poznan-ch 1999 (2)}) 17. a3 Rae8 18. Nd2 b4 19. axb4 axb4 20. Nf1 Rxe2 21. Qxe2 bxc3 22. bxc3 Qxc3 23. Qb2 Qxb2 24. Bxb2 Ra8 25. Rxa8+ Bxa8 26. Ne3 Bc6 27. Kf1 Bb4 28. Ke2 f6 29. Kd3 Kf7 30. Bc3 Bd6 31. g3 h5 32. h4 g5 33. Nf5 Bf8 34. f4 Bb5+ 35. Kc2 Bd7 36. Ne3 gxh4 37. gxh4 Bh6 38. Be1 Ke6 39. f5+ Kd6 40. Bb4+ Kc6 41. Kd3 Bc8 42. Be7 Ba6+ 43. Kd2 Bg7 44. Kc3 Be2 45. Kd2 Bf3 46. Ke1 Kd7 47. Kf2 Be4 48. Bb4 Bh6 49. Bd2 Bf8 50. Ng2 Bxg2 51. Kxg2 Be7 52. Kf3 Bd8 53. Bh6 Ba5 54. Ke2 Bc3 55. Be3 Kc6 56. Bf2 Kb5 57. Kd3 Bb4 58. Bg3 Ka4 59. Kc2 Ba5 60. Kb2 Bd8 61. Kc3 Be7 62. Bf2 Bd6 63. Kc2 Kb4 64. Kd3 Kb3 65. Be1 Kb2 66. Bf2 Kc1 67. Be3+ Kd1 68. Bg5 fxg5 69. hxg5 h4 70. Ke3 Ke1 71. g6 h3 72. g7 h2 73. g8=Q h1=Q 74. Qg4 Qh2 0-1

[Event "45th Olympiad Budapest 2024"]
[Site "Budapest"]
[Date "2024.09.19"]
[Round "8"]
[Board "3"]
[White "Suleymenov, Alisher"]
[Black "Murshed, Niaz"]
[Result "1-0"]
[WhiteElo "2484"]
[BlackElo "2318"]
[PlyCount "97"]
[EventDate "2024.09.11"]
[EventType "team-tourn"]
[EventRounds "11"]
[EventCountry "HUN"]
[WhiteTeam "Kazakhstan"]
[BlackTeam "Bangladesh"]
[WhiteTeamCountry "KAZ"]
[BlackTeamCountry "BAN"]

1. d4 Nf6 2. c4 e6 3. Nf3 Bb4+ 4. Bd2 Qe7 5. g3 Nc6 6. Nc3 O-O 7. Bg2 d6 8. O-O Bxc3 9. Bxc3 e5 10. d5 ({RR} 10. dxe5 dxe5 11. Qc2 Bg4 12. Rad1 Qe6 13. Ng5 Qxc4 14. Bd5 Qc5 15. Ne4 Qe7 16. Bxc6 bxc6 17. Nxf6+ Qxf6 18. f4 Qg6 19. Qxg6 hxg6 20. Kf2 exf4 21. gxf4 Rfe8 22. Rfe1 f6 23. Rd4 Be6 24. Ra4 Kf7 {½-½ Giri,A (2764)-Praggnanandhaa,R (2678) Meltwater Tour Final 2022 (2.6)}) 10... Nb8 11. b4 ({RR} 11. c5 Nbd7 12. cxd6 cxd6 13. Rc1 Ne4 14. Bb4 a5 15. Ba3 b5 16. b3 b4 17. Bb2 Ndc5 18. Qc2 Ba6 19. Nxe5 dxe5 20. Bxe4 Rac8 21. Bxh7+ Kh8 22. Bf5 Rc7 23. Qd2 Rd8 24. Rfd1 Rd6 25. Qe3 Rf6 {1-0 Golubovic,E (2117)-Goldin,R (2288) Titled Tue 10th Sep Early 2024 (9)}) 11... a5 $146 ({RR} 11... Ne4 12. Rc1 a5 13. a3 Nxc3 14. Rxc3 Nd7 15. e4 Nf6 16. Ne1 axb4 17. axb4 Bd7 18. Nd3 Ra2 19. Qb3 Rfa8 20. Rfc1 h5 21. c5 Bb5 22. cxd6 Qxd6 23. Nc5 R2a7 24. Nd3 c6 25. dxc6 bxc6 26. Nc5 {0-1 Groffen,H (2150)-Schebler,G (2485) BEL-chT 0910 2009 (7)}) ({RR} 11... Bg4 12. Rc1 Nbd7 13. Nd2 a5 14. a3 h6 15. h3 Bh5 16. g4 Bg6 17. e4 Nh7 18. Nb3 axb4 19. axb4 Qh4 20. Qd3 h5 21. gxh5 Qxh5 22. Ra1 Ndf6 23. c5 Ng5 24. Nd2 Qh4 25. f4 exf4 26. Bxf6 {0-1 Prokofiev,V (2362)-Ismayil,M (2001) Titled Tuesday intern op 31st May Early blitz 2022 (3)}) ({RR} 11... Nbd7 12. Nd2 b6 13. a4 Bb7 14. a5 a6 15. Nb3 Rfc8 16. Rc1 c6 17. axb6 cxd5 18. cxd5 Nxb6 19. e4 Nc4 20. Re1 Nd7 21. Qe2 Ndb6 22. Red1 Rc7 23. Be1 Bc8 24. Na5 Nxa5 25. bxa5 Na4 26. Qa2 {0-1 Xu,Y (2542)-Zhou,Y (1987) CHN-chTB Qinhuangdao 2017 (2.1)}) 12. bxa5 Ne4 13. Bb4 Na6 14. a3 Bd7 15. Ne1 Nec5 16. Nd3 Ba4 17. Qb1 Ra7 18. Qb2 Re8 19. Rab1 Bd7 20. Qd2 Bf5 21. Qe3 b6 22. axb6 cxb6 23. Rb2 Na4 24. Rc2 Rc7 25. f4 e4 26. Nf2 h5 27. h3 Qd7 28. Rfc1 N6c5 29. Rd2 Ra7 30. Rdd1 Raa8 31. Kh2 Ra7 32. Rb1 Qc8 33. Rdc1 Ra6 34. Bd2 Ra7 35. Rb4 Rae7 36. Rh1 f6 37. Rc1 Kf7 38. Nd1 Ra7 39. Qd4 e3 40. Nxe3 Be4 41. Bf3 h4 42. g4 Rae7 43. Rg1 Qd7 44. g5 f5 45. Bh5+ Kg8 46. Bxe8 Qxe8 47. g6 Na6 48. Rxa4 Qxa4 49. Qxb6 1-0

[Event "45th Olympiad Budapest 2024"]
[Site "Budapest"]
[Date "2024.09.19"]
[Round "8"]
[Board "4"]
[White "Zia, Tahsin Tajwar"]
[Black "Ansat, Aldiyar"]
[Result "1/2-1/2"]
[WhiteElo "2255"]
[BlackElo "2457"]
[PlyCount "60"]
[EventDate "2024.09.11"]
[EventType "team-tourn"]
[EventRounds "11"]
[EventCountry "HUN"]
[WhiteTeam "Bangladesh"]
[BlackTeam "Kazakhstan"]
[WhiteTeamCountry "BAN"]
[BlackTeamCountry "KAZ"]

1. d4 Nf6 2. c4 g6 3. g3 Bg7 4. Bg2 O-O 5. Nc3 d6 6. h3 c5 7. e3 Nc6 8. Nge2 Bd7 9. O-O a6 10. b3 Rb8 ({RR} 10... cxd4 11. exd4 b5 12. cxb5 axb5 13. Nxb5 Nb4 14. Nbc3 Bc6 15. Bxc6 Nxc6 16. Bg5 Qd7 17. Kh2 Ra5 18. Qd2 Nd5 19. Nxd5 Rxd5 20. Be3 e5 21. Nc3 Nxd4 22. Qd1 Ra5 23. a4 h5 24. b4 Raa8 25. Bxd4 {½-½ Artemiev,V (2711)-Chigaev,M (2622) Titled Tue 23rd Jan Early 2024 (10)}) 11. a4 Nb4 12. Ba3 Bc6 ({RR} 12... b5 13. axb5 axb5 14. dxc5 dxc5 15. Bxb4 cxb4 16. Nxb5 Bxb5 17. cxb5 Qxd1 18. Rfxd1 Rxb5 19. Nd4 Rb6 20. Nc6 Re8 21. Ra7 Bf8 22. g4 h6 23. Rc7 e6 24. Bf3 g5 25. Kg2 Kg7 26. Rd2 Kg8 27. h4 {0-1 Rakhmanov,A (2596)-Kamalidenova,M (2352) Akim Cup Karaganda 2024 (3.4)}) 13. Bxb4 $146 ({RR} 13. d5 Be8 14. Bxb4 cxb4 15. Na2 Nd7 16. Nd4 a5 17. Nc1 Qb6 18. Ra2 Nc5 19. Nd3 Bd7 20. Kh2 Rbc8 21. Nxc5 Qxc5 22. Rd2 Rcd8 23. f4 Bc8 24. e4 Bxd4 25. Rxd4 f6 26. Re1 Rf7 27. Rd2 Rdf8 {0-1 Raicevic,I (2245)-Kertesz,A Satu Mare 1985}) 13... cxb4 14. Nd5 Nxd5 15. cxd5 Bd7 16. Nf4 a5 17. h4 Bh6 18. Nd3 Rc8 19. Re1 Rc3 20. Rc1 b5 21. Rxc3 bxc3 22. axb5 Qb6 23. Bf1 Bxb5 24. Qa1 Bxd3 25. Bxd3 Qxb3 26. Qxa5 Qb2 27. Re2 Qb7 28. Qxc3 Qxd5 29. Re1 Bg7 30. Qc4 Qxc4 1/2-1/2

[Event "45th Olympiad Budapest 2024"]
[Site "Budapest"]
[Date "2024.09.19"]
[Round "8"]
[Board "1"]
[White "Neiksans, Arturs"]
[Black "Greet, Andrew N"]
[Result "1-0"]
[WhiteElo "2571"]
[BlackElo "2405"]
[PlyCount "91"]
[EventDate "2024.09.11"]
[EventType "team-tourn"]
[EventRounds "11"]
[EventCountry "HUN"]
[WhiteTeam "Latvia"]
[BlackTeam "Scotland"]
[WhiteTeamCountry "LAT"]
[BlackTeamCountry "SCO"]

1. Nf3 d5 2. g3 Nf6 3. Bg2 c5 4. O-O g6 5. c4 dxc4 6. Qa4+ Nbd7 ({RR} 6... Bd7 7. Qxc4 Qb6 8. Nc3 Bg7 9. d3 O-O 10. Be3 Rc8 11. Rab1 Be6 12. Qh4 Qa6 13. Ng5 Nbd7 14. Nxe6 fxe6 15. Qc4 Qxc4 16. dxc4 Rab8 17. Rfd1 Ne5 18. b3 b6 19. Nb5 a6 20. Bf4 Nfg4 21. Na7 {1-0 So,W (2810)-Anand,V (2783) Leon 30th rapid 2017 (2.5)}) 7. Qxc4 Bg7 8. d4 $146 ({RR} 8. d3 O-O 9. a4 b6 10. Ng5 Rb8 11. Bf4 e5 12. Bd2 Bb7 13. Bxb7 Rxb7 14. Nc3 h6 15. Nge4 Ne8 16. a5 Nc7 17. Nd6 Rb8 18. a6 Nf6 19. Ndb5 Nxb5 20. Nxb5 Qd7 21. Bc3 Ne8 22. f4 exf4 {0-1 Sjugirov,S (2712)-Firouzja,A (2785) Titled Tue 1st Nov Late 2022 (5)}) ({RR} 8. Nc3 O-O 9. Rd1 a6 10. Qh4 e5 11. d3 Rb8 12. Bg5 Qb6 13. Nd2 Qxb2 14. Nde4 Nxe4 15. Nxe4 f6 16. Be3 Qxe2 17. Nd6 Kh8 18. Qc4 h6 19. Qe6 Nb6 20. Nxc8 Nxc8 21. Bxc5 Rd8 22. d4 b6 {0-1 Fedorov,A (2443)-Tsaruk,M (2480) Bronstein 100 Mem Open 2024 (6.2)}) 8... cxd4 9. Nxd4 Nb6 10. Qb5+ Bd7 11. Qd3 e5 12. Nb3 Qe7 13. Nc3 Bc6 14. Bxc6+ bxc6 15. Be3 Rd8 16. Qa6 Nfd7 17. Rad1 O-O 18. Qxa7 Ra8 19. Qb7 Rab8 20. Qxc6 Rfc8 21. Qb5 Qe6 22. Ne4 Qc4 23. Qxc4 Rxc4 24. Nc3 Nf8 25. Rd6 Na4 26. Na5 Nxb2 27. Nxc4 Nxc4 28. Ba7 Rb2 29. Rc6 Nd2 30. Rc1 Bh6 31. Be3 Bxe3 32. fxe3 Ne6 33. h4 Kg7 34. Kf2 Rb4 35. Rc2 Nb1 36. Nxb1 Rxb1 37. a4 Ra1 38. Ra6 g5 39. a5 Kg6 40. Ra7 gxh4 41. gxh4 Ng7 42. Rcc7 Nh5 43. Rxf7 h6 44. Rf8 Ra4 45. Ra6+ Kg7 46. Rb8 1-0

[Event "45th Olympiad Budapest 2024"]
[Site "Budapest"]
[Date "2024.09.19"]
[Round "8"]
[Board "2"]
[White "Olson, Hamish"]
[Black "Kantans, Toms"]
[Result "1-0"]
[WhiteElo "2384"]
[BlackElo "2486"]
[PlyCount "129"]
[EventDate "2024.09.11"]
[EventType "team-tourn"]
[EventRounds "11"]
[EventCountry "HUN"]
[WhiteTeam "Scotland"]
[BlackTeam "Latvia"]
[WhiteTeamCountry "SCO"]
[BlackTeamCountry "LAT"]

1. d4 Nf6 2. Nf3 g6 3. a4 Bg7 4. a5 ({RR} 4. g3 O-O 5. Bg2 c5 6. dxc5 Na6 7. O-O Nxc5 8. Be3 d6 9. c3 Qc7 10. Nbd2 Be6 11. a5 a6 12. Nd4 Bd5 13. Rc1 Bxg2 14. Kxg2 Nd5 15. Nc4 Nd7 16. Qa4 Rfc8 17. Rfd1 Qxc4 18. Qxd7 Nxe3+ {0-1 Bazeev,G (2385)-Fedoseev,V (2686) Titled Tuesday intern op 05th Jul Early blitz 2022 (4)}) 4... O-O ({RR} 4... d6 5. c3 O-O 6. Na3 Nbd7 7. Bg5 e5 8. dxe5 dxe5 9. Nc4 h6 10. Bh4 Qe8 11. e3 g5 12. Bg3 Ne4 13. Bd3 Nxg3 14. hxg3 e4 15. Nxg5 hxg5 16. Qh5 Nf6 17. Qxg5 exd3 18. O-O-O Qe4 19. Ne5 {0-1 Bullen,A (2154)-Bykov,E (2430) Titled Tue 20th Aug Late 2024 (1)}) 5. g3 d5 6. Bg2 c5 $146 ({RR} 6... c6 7. O-O Nbd7 8. Bf4 Ne4 9. Nbd2 Ndf6 10. Ne5 Nxd2 11. Qxd2 Nd7 12. a6 Nxe5 13. axb7 Bxb7 14. dxe5 c5 15. Rfd1 e6 16. c4 Qb6 17. cxd5 exd5 18. Bxd5 Bxd5 19. Qxd5 Qxb2 20. e6 fxe6 21. Qxe6+ {1-0 Salimova,N (2403)-Lima,K (2108) Titled Tue 22nd Aug Late 2023 (6)}) 7. dxc5 Na6 8. O-O Nxc5 9. Be3 Nce4 10. Bd4 Bf5 11. c3 a6 12. Nbd2 Re8 13. Nxe4 Bxe4 14. Qb3 Qd6 15. Be5 Qe6 16. Bf4 h6 17. Ra4 Nd7 18. Rxe4 dxe4 19. Qxe6 fxe6 20. Nd2 Nc5 21. Be3 Rac8 22. Nxe4 Nb3 23. Bb6 Rc4 24. Rd1 Ra4 25. h4 Rc8 26. Rd7 Kf8 27. Kh2 Ra2 28. Rxb7 Nxa5 29. Bxa5 Rxa5 30. Rb6 Rb5 31. Rxe6 a5 32. Rxg6 Rxb2 33. Ra6 Rxe2 34. Bf3 Ra2 35. Bg4 Rd8 36. Kg2 Ra1 37. Nc5 Kg8 38. Rg6 Rf8 39. Ne6 Rf7 40. Bf3 Re1 41. Bd5 Kh7 42. h5 Re5 43. Ng5+ Rxg5 44. Bxf7 Bxc3 45. Re6 Re5 46. Rc6 Bb4 47. Ra6 Kg7 48. Bg6 Rd5 49. Kh3 Rd6 50. Ra8 Be1 51. f4 Re6 52. g4 Re3+ 53. Kg2 Rg3+ 54. Kf1 Bb4 55. Bf5 Rf3+ 56. Kg2 Rxf4 57. Ra6 Bd2 58. Rg6+ Kf8 59. Be6 Ke8 60. g5 Rf8 61. gxh6 a4 62. h7 a3 63. Rg4 Ba5 64. Ra4 Bd8 65. Bg8 1-0

[Event "45th Olympiad Budapest 2024"]
[Site "Budapest"]
[Date "2024.09.19"]
[Round "8"]
[Board "3"]
[White "Miezis, Normunds"]
[Black "Waldhausen Gordon, Frederick"]
[Result "0-1"]
[WhiteElo "2417"]
[BlackElo "2351"]
[PlyCount "68"]
[EventDate "2024.09.11"]
[EventType "team-tourn"]
[EventRounds "11"]
[EventCountry "HUN"]
[WhiteTeam "Latvia"]
[BlackTeam "Scotland"]
[WhiteTeamCountry "LAT"]
[BlackTeamCountry "SCO"]

1. c4 e6 2. Nc3 d5 3. e3 Nf6 4. Nf3 b6 5. b3 Bb7 6. Bb2 Nbd7 7. Be2 a6 8. d4 Bd6 9. Qc2 O-O 10. O-O Qe7 11. Rad1 Rfe8 $146 ({RR} 11... Rac8 12. Nd2 c5 13. dxc5 Nxc5 14. cxd5 Nxd5 15. Nc4 Nb4 16. Qb1 Bc7 17. a3 Nd5 18. b4 Nxc3 19. Bxc3 Ne4 20. Ba1 Qh4 21. f4 b5 22. Nd2 Nxd2 23. Rxd2 Bb6 24. Bd4 Bxd4 25. Rxd4 Rc3 26. Bd3 {0-1 Klekowski,M (2477)-Dominguez Perez,L (2752) Chessable Masters Play-In 2024 (4)}) 12. g3 Rac8 13. Nh4 Bb4 14. cxd5 exd5 15. Qf5 g6 16. Qb1 Nf8 17. Ng2 Ne6 18. Kh1 c5 19. dxc5 bxc5 20. a3 Bxc3 21. Bxc3 d4 22. Bb2 Be4 23. Qc1 Qb7 24. f3 Bd5 25. Bc4 Nd7 26. Bxd5 Qxd5 27. Qc2 Rb8 28. b4 Ne5 29. exd4 cxd4 30. Nf4 Nxf4 31. Rxd4 Qb5 32. Rfd1 Nxf3 33. Qf2 Nxd4 34. gxf4 Qd5+ 0-1

[Event "45th Olympiad Budapest 2024"]
[Site "Budapest"]
[Date "2024.09.19"]
[Round "8"]
[Board "4"]
[White "Abdulla, Murad"]
[Black "Starostits, Ilmars"]
[Result "1/2-1/2"]
[WhiteElo "2312"]
[BlackElo "2344"]
[PlyCount "96"]
[EventDate "2024.09.11"]
[EventType "team-tourn"]
[EventRounds "11"]
[EventCountry "HUN"]
[WhiteTeam "Scotland"]
[BlackTeam "Latvia"]
[WhiteTeamCountry "SCO"]
[BlackTeamCountry "LAT"]

1. e4 c6 2. Nc3 d5 3. Nf3 dxe4 4. Nxe4 Nf6 5. Qe2 Nxe4 6. Qxe4 Qd5 7. Qf4 Qf5 8. Qe3 Nd7 ({RR} 8... Qe6 9. b3 Qxe3+ 10. fxe3 Bf5 11. Bb2 Nd7 12. O-O-O e6 13. Rg1 h6 14. g4 Bh7 15. h4 Rg8 16. g5 h5 17. Nd4 Bg6 18. Bh3 Bd6 19. Rdf1 Be5 20. Ne2 Bxb2+ 21. Kxb2 e5 22. d4 Ke7 23. Bxd7 {1-0 Vallejo Pons,F (2704)-Predke,A (2676) Wch Blitz Moscow 2019 (14)}) 9. c3 ({RR} 9. Bd3 Qc5 10. Qe2 g6 11. O-O Bg7 12. Re1 O-O 13. Bc4 e5 14. d3 b5 15. Bb3 Qd6 16. Bg5 Bb7 17. d4 Rae8 18. dxe5 Nxe5 19. Rad1 Qb8 20. Bf4 c5 21. Nxe5 c4 22. c3 cxb3 23. Qxb5 a6 {0-1 Svane,F (2618)-Bazakutsa,S (2459) 4NCL 2023-24 (6.1)}) 9... Nb6 $146 ({RR} 9... g6 10. d4 Bg7 11. Bd3 Qd5 12. O-O O-O 13. Qxe7 Nb6 14. Qh4 Bf5 15. Bxf5 Qxf5 16. Bh6 Rfe8 17. Bxg7 Kxg7 18. Rfe1 Nc4 19. b3 Nb2 20. Ne5 f6 21. Ng4 h5 22. Ne3 Qd3 23. Qg3 Kh7 24. Qc7+ {1-0 Vokhidov,S (2601)-Shimanov,A (2581) Titled Tue 7th Mar Early 2023 (11)}) ({RR} 9... Nf6 10. d4 Qe4 11. Bc4 Qxe3+ 12. Bxe3 e6 13. O-O-O Nd5 14. Bd2 Bd6 15. g3 O-O 16. Rhe1 b5 17. Bd3 a5 18. Ne5 Bb7 19. f4 g6 20. a3 a4 21. Be4 Rac8 22. Bf3 Rfd8 23. Re2 c5 24. dxc5 {½-½ Vokhidov,S (2583)-Manukian,A (2196) Titled Tue 27th Jun Early 2023 (8)}) 10. d4 Nd5 11. Qd2 Qe4+ 12. Be2 Bf5 13. O-O e6 14. Ne5 Bd6 15. f4 Bxe5 16. fxe5 O-O-O 17. Bf3 Qh4 18. g3 Qe7 19. b4 f6 20. exf6 gxf6 21. a4 h5 22. Kh1 Bg4 23. b5 Bxf3+ 24. Rxf3 h4 25. bxc6 hxg3 26. Rxg3 bxc6 27. Qg2 Qb7 28. a5 Qb5 29. Bd2 Nc7 30. Re1 Rh5 31. Rg7 Rdh8 32. Bf4 e5 33. dxe5 Ne6 34. Rg8+ Kb7 35. Rxh8 Rxh8 36. Bg3 f5 37. Qf3 f4 38. Bf2 Qxa5 39. c4 Qa2 40. Qe2 Qa3 41. Qg4 Qa2 42. Qe2 Qa3 43. Qg4 Rh7 44. Qxe6 Qf3+ 45. Kg1 Rg7+ 46. Bg3 Rxg3+ 47. hxg3 Qxg3+ 48. Kf1 Qf3+ 1/2-1/2